Tottenham Hotspur Squad 2019-20 - Statistics

General Stats
  • This quiz has been taken 94 times
  • The average score is 20 of 23
Answer Stats
Squad Number Position Nationality Answer % Correct
7 ST South Korean Son Heung-min
100%
10 ST English Harry Kane
99%
1 GK French Hugo Lloris
99%
5 CB Belgian Jan Vertonghen
99%
6 CB Colombian Davinson Sánchez
96%
11 RW Argentine Erik Lamela
95%
27 RW Brazilian Lucas Moura
95%
8 DM English Harry Winks
93%
4 CB Belgian Toby Alderweireld
93%
17 CM French Moussa Sissoko
90%
24 RB Ivorian Serge Aurier
90%
33 LB Welsh Ben Davies
88%
15 DM English Eric Dier
88%
- Manager Portuguese José Mourinho
87%
18 CM Argentine Giovani Lo Celso
85%
20 CM English Dele Alli
83%
13 GK Dutch Michel Vorm
82%
22 GK Argentine Paulo Gazzaniga
80%
28 CM French Tanguy Ndombele
80%
23 LW Dutch Steven Bergwijn
78%
21 CB Argentine Juan Foyth
72%
30 CM Portuguese Gedson Fernandes
61%
19 LW English Ryan Sessegnon
55%
No matching quizzes found
Score Distribution
Percent of People with Each Score
Percentile by Number Answered
Your Score History
You have not taken this quiz